| 000 | 01214nam a22002777a 4500 | ||
|---|---|---|---|
| 005 | 20240530110451.0 | ||
| 008 | 150512s2010 ua g b 000 0 ara d | ||
| 017 |
_a2010/23593 _bمصر . دار الكتب المصرية |
||
| 020 | _a9789774311957 | ||
| 040 | _aEG-CaGPL | ||
| 082 | 0 | 4 |
_221 _a371.2\ _bع ع |
| 100 | 0 | _aعلى الشايع | |
| 245 | 1 | 2 |
_aالعلاقات الانسانية و الابداع الادارى فى المؤسسات التعليمية / _cعلى الشايع ، طارق عبدالرؤوف عامر ، ربيع عبدالرؤوف عامر |
| 250 | _aط1 | ||
| 260 |
_aالقاهرة : _bمؤسسة طيبة للنشر و التوزيع ، _c2010 . |
||
| 300 |
_a206 ص ؛ _c24 سم . |
||
| 504 | _aيشتمل على ارجاعات ببليوجرافية | ||
| 650 | 0 | 4 | _aالعلاقات الانسانية |
| 650 | 0 | 4 | _aالابداع الادارى |
| 650 | 0 | 4 |
_aالمدارس _xتنظيم و ادارة |
| 650 | 0 | 4 | _aالتدريب التعاونى |
| 700 | 0 |
_aطارق عبدالرؤوف عامر _eمؤلف مشارك |
|
| 700 | 0 |
_aربيع عبدالرؤوف عامر _eمؤلف مشارك |
|
| 942 |
_2ddc _cBK |
||
| 999 |
_c61255 _d61255 |
||